LDR 01044naa#a2200193#i#450# 001 RU\\bibl\121897 005 20260430050625.4 011 ## _a2072-9502 100 ## _a20260427b2026####ek#y0rusy0150####ca 102 ## _aRU 200 1# _aМодульный подход к разработке информационной системы для прогноза цен на авиабилеты _eЖурнальная статья 210 1# _aАстрахань _cАстраханский государственный технический университет _d2026 215 ## _a12 с. 608 ## _aЖурнальная статья _2local 675 ## _aИнформационные технологии. Компьютерные технологии. Теория вычислительных машин и систем. 004 _z 700 #1 _aСаратова _gТатьяна Евгеньевна 700 #1 _aКожевников _gИлья Сергеевич 700 #1 _aШульгин _gВладислав Андреевич 856 4# _avestnik.astu.org _u